Ligne D du RER - Statistiques

Statistiques générales
  • Ce quiz a été pris 432 fois
  • Le résultat moyen est 38 sur 63
Statistiques - réponses
n gares correspondances % Correct
16 Paris-Gare-de-Lyon RER ATransilien R M 1 14
96%
14 Paris-Gare du Nord RER B ETransilien H K M 2 4 5
95%
15 Châtelet - Les Halles RER A BM 1 4 7 11 14
94%
31 Melun Transilien R
89%
32 Melun Transilien R
89%
12 Saint-Denis Transilien HT 1 8
86%
1 Creil Transilien H
85%
39 Corbeil-Essonnes
82%
39 (séparation Me/Ma) Corbeil-Essonnes
82%
33 Juvisy RER C
80%
33 Juvisy RER C
80%
19 Créteil-Pompadour
78%
21 (séparation Me/CE) Villeneuve-Saint-Georges
77%
37 Evry-Courcouronnes T 12
74%
17 Maisons-Alfort - Alfortville
74%
13 Stade de France - Saint-Denis M 14
74%
10 Garges - Sarcelles T 5
73%
8 Goussainville
72%
18 Le Vert de Maisons
71%
59 Malesherbes
70%
11 Pierrefitte - Stains T 11
69%
20 Villeneuve-Triage
68%
23 Yerres
67%
40 Ris-Orangis
66%
30 Le Mée
64%
24 Brunoy
63%
35 Grigny-Centre
62%
3 Orry-la-Ville - Coye
62%
25 Boussy-Saint-Antoine
60%
6 Louvres
60%
27 Lieusaint - Moissy
59%
34 Viry-Châtillon
59%
34 Viry-Châtillon
59%
29 Cesson
58%
9 Villiers-le-Bel - Gonesse - Arnouville
58%
26 Combs-la-Ville - Quincy
57%
22 (vers Me) Montgeron - Crosne
57%
32 (vers CE) Vigneux-sur-Seine
57%
28 Savigny-le-Temple - Nandy
56%
42 Evry-Val-de-Seine
53%
36 Orangis - Bois de l'Epine
53%
7 Les Noues
52%
5 Survilliers - Fosses
51%
4 La Borne Blanche
50%
2 Chantilly - Gouvieux
48%
43 (vers Me) Essonnes - Robinson
48%
44 Villabé
45%
52 Mennecy
43%
50 Vosves
42%
41 Grand Bourg
41%
54 La Ferté-Alais
41%
47 Saint-Fargeau
41%
55 Boutigny
40%
38 Le Bras de Fer - Evry - Génopole
40%
51 (vers Ma) Moulin-Galant
39%
48 Ponthierry - Pringy
38%
53 Ballancourt
36%
49 Boissise-le-Roi
36%
45 Le Plessis-Chenet
36%
56 Maisse
36%
58 Boigneville
35%
46 Le Coudray-Montceaux
35%
57 Buno - Gironville
34%
Aucun quiz correspondant
Distribution des résultats
% des personnes avec chaque résultat
Percentile par nombre de réponses
Votre historique - résultats
Vous n’avez pas pris ce quiz